| 000 | 00736nam a2200241 a 4500 | ||
|---|---|---|---|
| 008 | 951211s1981||||[C 0 slo c | ||
| 020 |
_c24 Kčs. _q(25000 výtl.) |
||
| 040 |
_aSNK _bslo _cSNK _eAACR2 |
||
| 041 | 1 |
_aslo _hger |
|
| 044 |
_axo _cSK |
||
| 080 | _a830-3 | ||
| 100 | 1 |
_aDegenhardt, Franz Josef _4aut |
|
| 245 | 1 | 0 |
_aSpáleniská _cFranz Josef Degenhardt ; Perla Bžochová, Miroslav Cipár, Igor Imro |
| 250 | _a1., vyd. | ||
| 260 |
_aBratislava _bTatran _c1981 _eBanská Bystrica _fTlačiarne SNP |
||
| 300 |
_a224 s., 12,75 AH _c21 cm |
||
| 490 | 0 |
_aLUK _vZv. 83. |
|
| 500 | _aText na predsádkach. | ||
| 700 | 1 |
_aBžochová, Perla _4trl |
|
| 700 | 1 |
_aCipár, Miroslav _4bkd |
|
| 700 | 1 |
_aImro, Igor _4bkd |
|
| 958 | _aA | ||
| 999 |
_c10491 _d10491 |
||